Score 0/10 Timer 01:30
0 Plays Today
% Correct
Wolfgang Amadeus Mozart
95%
Pablo Picasso
94.7%
Edward V
94.4%
Louis Braille
94.1%
Bobby Fischer
93.5%
David
93.4%
Horatio Nelson
91.2%
Tutankhamun
90.9%
Saint Patrick
87.8%
Josiah
52.9%

Today's Daily Dose

You're not logged in!

Compare scores with friends on all Sporcle quizzes.
OR
Log In

Sporcle TV

Today on Sporcle TV


Watch our educational content, quiz creation guides, and fun videos on Sporcle TV.

Show Comments

Extras

Top Quizzes Today


Score Distribution

Paid Content

Your Account Isn't Verified!

In order to create a playlist on Sporcle, you need to verify the email address you used during registration. Go to your Sporcle Settings to finish the process.

Report this User

Report this user for behavior that violates our Community Guidelines.

Details: